000 01582nam a22004217a 4500
003 CHAP
005 20220329141309.0
008 971010s1983 r 00010 d
010 _a65978
011 _a66950
035 _a75935
040 _cCHAP
090 _aTesis
100 0 0 _aSolares Morales, Regina Felipa de Jesús.
_9108375
245 _aRelación entre el grado de daños por salinidad y contenido de nutrientes en plántulas de aguacate (Persea americana, Mill y Persea schiedeana, Nees)
260 _aChapingo, Méx. :
_bEl autor,
_c1983
300 _a154 h.
_b; láms. ; gráfs.
502 _aTesis (Ing. Agr. Esp. en Fitotecnia) -- UACH. Departamento de Fitotecnia
590 _aALEPH
_b10
_c20130110
_lUCH01
_h1400
590 _aBATCH-UPD
_b10
_c20130109
_lUCH01
_h2353
590 _aBATCH-UPD
_b10
_c20130110
_lUCH01
_h0246
590 _aBATCH-UPD
_b10
_c20130110
_lUCH01
_h1452
590 _aBATCH-UPD
_b10
_c20130409
_lUCH01
_h1926
590 _aBATCH-UPD
_b10
_c20130410
_lUCH01
_h0312
590 _aBATCH-UPD
_b10
_c20130913
_lUCH01
_h2254
590 _aCONVERSION
_b10
_c20130109
_lUCH01
_h1336
650 1 4 _aAguacate
_xElementos minerales.
_92508
650 1 4 _aAguacate
_xPlantulas.
_92544
650 1 4 _aAguacate
_xVariedades.
_92559
650 1 4 _aÁrea foliar.
_982450
650 1 4 _aPlantas
_xEfecto de la sal.
_988817
901 _aBK
942 _cFOLL
949 _bBC
_cTES
_d-137340
_eTS1
_i75935
_si
949 _bBC
_cTES
_d-137341
_eTS2
_fc.2
_i75935
_si
949 _bBC
_cTES
_d-137342
_eTS2
_fc.3
_h21819
_i75935
_si
949 _bZA
_cTESBD
_d-8939
_eTS1
_h254
_i75935
_si
999 _c65978
_d65978